[Event "FICGS rapid D 000092 email"]
[Site "FICGS email"]
[Date "2015.06.12"]
[Round "1"]
[White "Cuaycong, Virgilio"]
[Black "Brulland, Emmanuel"]
[Result "1-0"]
[WhiteElo "1400"]
[BlackElo "1324"]
[PlyCount "43"]
[EventDate "2015.??.??"]
[EventType "tourn (rapid)"]
[EventRounds "5"]
[SourceTitle "Corr 2022"]
[Source "ChessBase"]
[SourceDate "2021.10.24"]
[SourceVersion "1"]
[SourceVersionDate "2021.10.24"]
[SourceQuality "1"]

1. e4 c6 2. d4 d5 3. Nc3 e6 4. Nf3 Nd7 5. Bd3 dxe4 6. Nxe4 Ngf6 7. Neg5 h6 8. Nxe6 fxe6 9. Bg6+ Ke7 10. 0-0 Nb6 11. Ne5 Nfd7 12. Nf7 Qc7 13. Nxh8 Nd5 14. Qf3 N5f6 15. Bf4 Qd8 16. Qa3+ c5 17. dxc5 e5 18. c6+ Ke6 19. Bf7+ Kf5 20. Qd3+ Kxf4 21. g3+ Kg5 22. Qg6# 1-0

[Event "FICGS rapid D 000089 email"]
[Site "FICGS email"]
[Date "2015.03.09"]
[Round "1"]
[White "Brulland, Emmanuel"]
[Black "Barradas, Anderson"]
[Result "0-1"]
[WhiteElo "1327"]
[BlackElo "1356"]
[PlyCount "40"]
[EventDate "2015.??.??"]
[EventType "tourn (rapid)"]
[EventRounds "5"]
[SourceTitle "Corr 2022"]
[Source "ChessBase"]
[SourceDate "2021.10.24"]
[SourceVersion "1"]
[SourceVersionDate "2021.10.24"]
[SourceQuality "1"]

1. b3 Nf6 2. g3 g6 3. Bb2 Bg7 4. Bg2 0-0 5. e3 Nc6 6. Ne2 b6 7. 0-0 Bb7 8. d3 d5 9. Nd2 e5 10. Re1 Ng4 11. h3 Nh6 12. a3 Re8 13. Nc3 Nf5 14. Nxd5 Rb8 15. Nc3 Qd7 16. Rb1 Nd6 17. Nce4 h6 18. Nxd6 cxd6 19. e4 Nd4 20. Nf3 Rbc8 0-1

[Event "FICGS rapid D 000089 email"]
[Site "FICGS email"]
[Date "2015.03.09"]
[Round "1"]
[White "Joubert, Hennie"]
[Black "Brulland, Emmanuel"]
[Result "1-0"]
[WhiteElo "1449"]
[BlackElo "1327"]
[PlyCount "77"]
[EventDate "2015.??.??"]
[EventType "tourn (rapid)"]
[EventRounds "5"]
[SourceTitle "Corr 2022"]
[Source "ChessBase"]
[SourceDate "2021.10.24"]
[SourceVersion "1"]
[SourceVersionDate "2021.10.24"]
[SourceQuality "1"]

1. e4 c6 2. d4 d5 3. Nd2 e6 4. Ngf3 Nd7 5. c3 dxe4 6. Nxe4 Ngf6 7. Nxf6+ Nxf6 8. Bc4 Be7 9. 0-0 0-0 10. Bg5 h6 11. Bh4 Re8 12. Bb3 Nd5 13. Bxe7 Qxe7 14. Re1 Nf6 15. Qd3 Rd8 16. Qe2 Nd5 17. Bc2 Qf8 18. Qe4 Nf6 19. Qh4 Rd5 20. Ne5 g6 21. Qxf6 Qg7 22. Qf4 Bd7 23. Re3 Be8 24. Rg3 Rad8 25. Re1 a6 26. Be4 R5d6 27. Nc4 R6d7 28. Rh3 g5 29. Qc1 f5 30. Bc2 Qf6 31. Ne5 Re7 32. Bb3 Bf7 33. Rhe3 Rd6 34. Nxf7 Kxf7 35. Re5 Kg7 36. Qe3 Kf7 37. Bc2 f4 38. Qe4 Kf8 39. Qg6 1-0

[Event "FICGS rapid D 000088 email"]
[Site "FICGS email"]
[Date "2015.01.01"]
[Round "1"]
[White "Selalmazidis, Arsenis"]
[Black "Brulland, Emmanuel"]
[Result "1-0"]
[WhiteElo "1344"]
[BlackElo "1328"]
[PlyCount "69"]
[EventDate "2015.??.??"]
[EventType "tourn (rapid)"]
[EventRounds "5"]
[SourceTitle "Corr 2022"]
[Source "ChessBase"]
[SourceDate "2021.10.24"]
[SourceVersion "1"]
[SourceVersionDate "2021.10.24"]
[SourceQuality "1"]

1. e4 c6 2. d4 d5 3. Nc3 e6 4. Nf3 Nd7 5. Bg5 Be7 6. Bxe7 Qxe7 7. Bd3 dxe4 8. Bxe4 Ngf6 9. Bd3 0-0 10. 0-0 h6 11. Re1 Nb6 12. Qe2 Re8 13. a3 Nbd5 14. Nxd5 cxd5 15. Ne5 a6 16. f4 b6 17. h3 Bb7 18. Kh2 Nd7 19. g4 Nxe5 20. dxe5 b5 21. c3 Rac8 22. Rf1 Red8 23. Rad1 Rc7 24. Bc2 Rdc8 25. Qd3 g6 26. Qe3 Kg7 27. f5 exf5 28. gxf5 Qe8 29. fxg6 fxg6 30. Rf6 g5 31. Rdf1 Re7 32. Qd3 Kg8 33. Rg6+ Rg7 34. Rxg7+ Kxg7 35. Qh7# 1-0

[Event "FICGS rapid D 000087 email"]
[Site "FICGS email"]
[Date "2014.11.28"]
[Round "1"]
[White "Brulland, Emmanuel"]
[Black "Barradas, Anderson"]
[Result "0-1"]
[WhiteElo "1328"]
[BlackElo "1398"]
[PlyCount "142"]
[EventDate "2014.??.??"]
[EventType "tourn (rapid)"]
[EventRounds "5"]
[SourceTitle "Corr 2022"]
[Source "ChessBase"]
[SourceDate "2021.10.24"]
[SourceVersion "1"]
[SourceVersionDate "2021.10.24"]
[SourceQuality "1"]

1. c4 Nf6 2. d4 e6 3. a3 d5 4. e3 Nc6 5. Nf3 a6 6. Nc3 Be7 7. cxd5 Nxd5 8. Nxd5 exd5 9. h3 Bf5 10. Bd3 Bxd3 11. Qxd3 h6 12. 0-0 Qd7 13. b4 b5 14. Bb2 0-0 15. Rfc1 Bf6 16. Qc3 Ne7 17. Qxc7 Qf5 18. Qc2 Qe6 19. Qd2 Nc6 20. Rc3 a5 21. Rac1 Rfc8 22. Qc2 Ra6 23. bxa5 Be7 24. Rb3 Na7 25. Qd2 Rxc1+ 26. Bxc1 Rc6 27. Ne5 Rc8 28. Nd3 Rc6 29. Bb2 Qc8 30. Nb4 Bxb4 31. axb4 Rc2 32. Qd1 Qf5 33. Qe1 g5 34. Bc3 Nc6 35. Rb2 h5 36. Rxc2 Qxc2 37. Kf1 Qd3+ 38. Kg1 f5 39. Qd2 Qb1+ 40. Qe1 Qc2 41. Qd2 Qb1+ 42. Qe1 Qe4 43. Qa1 f4 44. Qc1 f3 45. g3 Ne7 46. Qa1 Nc6 47. Qb2 Qd3 48. Qa1 Qh7 49. Qf1 Na7 50. Qc1 Qd7 51. Kh2 Qd6 52. Kg1 Nc8 53. Qa3 Qd7 54. Kh2 Kf7 55. Qb2 Nd6 56. Be1 Nc4 57. Qb3 Qd6 58. Kg1 Kf6 59. Bc3 Qe6 60. Qd1 g4 61. h4 Nxe3 62. fxe3 Qxe3+ 63. Kf1 Qxc3 64. Qe1 Qxd4 65. a6 Qc4+ 66. Kf2 d4 67. Qd2 Kg6 68. a7 Qc8 69. Qxd4 Qc2+ 70. Kf1 Qe2+ 71. Kg1 Qg2# 0-1

[Event "FICGS rapid D 000087 email"]
[Site "FICGS email"]
[Date "2014.11.28"]
[Round "1"]
[White "Budnar, Milos"]
[Black "Brulland, Emmanuel"]
[Result "1/2-1/2"]
[WhiteElo "1400"]
[BlackElo "1328"]
[PlyCount "74"]
[EventDate "2014.??.??"]
[EventType "tourn (rapid)"]
[EventRounds "5"]
[SourceTitle "Corr 2022"]
[Source "ChessBase"]
[SourceDate "2021.10.24"]
[SourceVersion "1"]
[SourceVersionDate "2021.10.24"]
[SourceQuality "1"]

1. e4 c6 2. d4 d5 3. Nc3 e6 4. e5 Nd7 5. Nf3 Ne7 6. Be2 g6 7. 0-0 Bg7 8. Be3 Nf5 9. Bg5 Ne7 10. Qd2 h6 11. Bh4 g5 12. Bg3 Nf5 13. Bd3 Nf8 14. Bxf5 exf5 15. h3 f4 16. Bh2 Ne6 17. b3 0-0 18. Na4 Re8 19. Rae1 b6 20. c4 Bb7 21. c5 b5 22. Nb2 a5 23. a4 b4 24. Re3 Qe7 25. Ree1 Ba6 26. Nd3 Bxd3 27. Qxd3 Reb8 28. g4 Nf8 29. Qf5 Qe6 30. Qxe6 fxe6 31. h4 Nh7 32. Kg2 Kf7 33. h5 Nf8 34. Nd2 Rb7 35. Kh1 Re7 36. f3 Rb8 37. Bg1 Rc8 1/2-1/2

[Event "FICGS rapid D 000084 email"]
[Site "FICGS email"]
[Date "2014.07.01"]
[Round "1"]
[White "Brulland, Emmanuel"]
[Black "Piantadosi, Angelo"]
[Result "0-1"]
[WhiteElo "1387"]
[BlackElo "1396"]
[PlyCount "94"]
[EventDate "2014.??.??"]
[EventType "tourn (rapid)"]
[EventRounds "5"]
[SourceTitle "Corr 2022"]
[Source "ChessBase"]
[SourceDate "2021.10.24"]
[SourceVersion "1"]
[SourceVersionDate "2021.10.24"]
[SourceQuality "1"]

1. b3 e5 2. Bb2 Nc6 3. g3 d6 4. Bg2 f5 5. e3 Nf6 6. Ne2 Be7 7. d3 0-0 8. 0-0 Be6 9. Nd2 Bd5 10. Nf3 e4 11. Nd2 Ne5 12. Bxe5 dxe5 13. d4 exd4 14. Nxd4 g6 15. c4 Bf7 16. Re1 a6 17. Qc2 c5 18. Ne2 Qc7 19. Red1 Rad8 20. Nf1 Rxd1 21. Rxd1 Rd8 22. Rxd8+ Qxd8 23. Qd2 Qxd2 24. Nxd2 Nd7 25. Kf1 Ne5 26. Nc1 Kf8 27. Ke2 b5 28. cxb5 axb5 29. h3 Bf6 30. Kd1 c4 31. bxc4 bxc4 32. Kc2 Nd3 33. Nxd3 cxd3+ 34. Kb1 Ke7 35. Bf1 Kd6 36. Nb3 Kd5 37. Bg2 Kc4 38. Bf1 Kc3 39. Kc1 Bxb3 40. axb3 Kxb3 41. Kd2 Bc3+ 42. Kd1 Kb2 43. h4 h6 44. Bg2 Be1 45. Kxe1 Kc2 46. Bf1 d2+ 47. Ke2 d1Q# 0-1

[Event "FICGS rapid D 000084 email"]
[Site "FICGS email"]
[Date "2014.07.01"]
[Round "1"]
[White "Brulland, Emmanuel"]
[Black "Strohmeier, Josef"]
[Result "1-0"]
[WhiteElo "1387"]
[BlackElo "1393"]
[PlyCount "49"]
[EventDate "2014.??.??"]
[EventType "tourn (rapid)"]
[EventRounds "5"]
[SourceTitle "Corr 2022"]
[Source "ChessBase"]
[SourceDate "2021.10.24"]
[SourceVersion "1"]
[SourceVersionDate "2021.10.24"]
[SourceQuality "1"]

1. c4 Nf6 2. d4 e6 3. a3 b6 4. Nc3 Bb7 5. Bg5 Be7 6. Nf3 0-0 7. Bf4 d5 8. e3 Nbd7 9. Nb5 Ne8 10. Ne5 a6 11. Nc3 Nxe5 12. Bxe5 f6 13. Bg3 Rc8 14. cxd5 exd5 15. Be2 c5 16. 0-0 Bd6 17. Bxd6 Qxd6 18. Re1 Nc7 19. dxc5 bxc5 20. Rc1 Rfd8 21. Qd2 Ne6 22. Bf3 Bc6 23. Red1 Ng5 24. Bg4 Rc7 25. h3 1-0

[Event "FICGS rapid D 000081 email"]
[Site "FICGS email"]
[Date "2013.10.29"]
[Round "1"]
[White "Brulland, Emmanuel"]
[Black "Strohmeier, Josef"]
[Result "0-1"]
[WhiteElo "1459"]
[BlackElo "1371"]
[PlyCount "82"]
[EventDate "2013.??.??"]
[EventType "tourn (rapid)"]
[EventRounds "5"]
[SourceTitle "Corr 2022"]
[Source "ChessBase"]
[SourceDate "2021.10.24"]
[SourceVersion "1"]
[SourceVersionDate "2021.10.24"]
[SourceQuality "1"]

1. b3 e5 2. Bb2 Nf6 3. g3 d6 4. Bg2 Be7 5. e3 0-0 6. Ne2 c6 7. d3 Bf5 8. Nd2 Nbd7 9. 0-0 Bg4 10. h3 Be6 11. Re1 Qc7 12. a3 d5 13. Rb1 Rac8 14. Nf3 c5 15. d4 cxd4 16. exd4 e4 17. Nd2 Qxc2 18. Nf1 Qc7 19. Rc1 Qa5 20. b4 Qb6 21. Ne3 Rxc1 22. Qxc1 Nb8 23. Nf4 Rc8 24. Qd2 h6 25. Rc1 Rxc1+ 26. Qxc1 Nc6 27. Nxe6 fxe6 28. Ng4 Nxg4 29. hxg4 Nxd4 30. Bxd4 Qxd4 31. Bh3 Bg5 32. Qb1 e3 33. Qa2 exf2+ 34. Kf1 Be3 35. Qe2 Qa1+ 36. Kg2 Qg1+ 37. Kf3 d4 38. Bf1 Qh1+ 39. Bg2 Qa1 40. Qd3 Qc1 41. Ke2 Qe1+ 0-1

[Event "FICGS rapid D 000079 email"]
[Site "FICGS email"]
[Date "2013.07.28"]
[Round "1"]
[White "Brulland, Emmanuel"]
[Black "Piantadosi, Angelo"]
[Result "0-1"]
[WhiteElo "1371"]
[BlackElo "1344"]
[PlyCount "82"]
[EventDate "2013.??.??"]
[EventType "tourn (rapid)"]
[EventRounds "5"]
[SourceTitle "Corr 2022"]
[Source "ChessBase"]
[SourceDate "2021.10.24"]
[SourceVersion "1"]
[SourceVersionDate "2021.10.24"]
[SourceQuality "1"]

1. b3 Nf6 2. g3 g6 3. Bb2 Bg7 4. Bg2 0-0 5. e3 d5 6. Ne2 c5 7. d3 Nc6 8. Nd2 Qc7 9. 0-0 b6 10. e4 dxe4 11. dxe4 Bb7 12. a3 Rfd8 13. Qc1 Ne8 14. Bxg7 Nxg7 15. Rd1 Nd4 16. Nxd4 Rxd4 17. f3 Rad8 18. c3 R4d7 19. Ra2 Rd3 20. Bf1 R3d7 21. Kf2 Ne6 22. Ke3 Qe5 23. f4 Qc7 24. Bb5 Bc6 25. Bxc6 Qxc6 26. h4 Rd3+ 27. Kf2 Ng7 28. Re1 Kf8 29. Re3 Rxe3 30. Kxe3 Ne8 31. c4 Qd7 32. Qc3 Kg8 33. a4 Nd6 34. Rb2 Qg4 35. Kf2 f5 36. e5 Ne4+ 37. Nxe4 fxe4 38. Qe3 Rd3 39. Qxe4 Qxg3+ 40. Kf1 Rd1+ 41. Ke2 Re1+ 0-1

[Event "FICGS rapid D 000079 email"]
[Site "FICGS email"]
[Date "2013.07.28"]
[Round "1"]
[White "Brulland, Emmanuel"]
[Black "Strohmeier, Josef"]
[Result "1-0"]
[WhiteElo "1371"]
[BlackElo "1432"]
[PlyCount "67"]
[EventDate "2013.??.??"]
[EventType "tourn (rapid)"]
[EventRounds "5"]
[SourceTitle "Corr 2022"]
[Source "ChessBase"]
[SourceDate "2021.10.24"]
[SourceVersion "1"]
[SourceVersionDate "2021.10.24"]
[SourceQuality "1"]

1. c4 Nf6 2. d4 e6 3. a3 d5 4. e3 Be7 5. Nc3 0-0 6. Nf3 c6 7. cxd5 exd5 8. Be2 Bd6 9. 0-0 h6 10. Re1 Re8 11. Qc2 Nbd7 12. h3 Nf8 13. Bd3 Bd7 14. Na4 b6 15. Nc3 Rc8 16. b4 c5 17. dxc5 bxc5 18. b5 Rb8 19. a4 Qa5 20. Bd2 Qc7 21. Bf5 Be6 22. Bxe6 Nxe6 23. Red1 Red8 24. Bc1 Be7 25. Ne2 Ne4 26. Bb2 Bf6 27. Bxf6 Nxf6 28. Rdc1 Rbc8 29. Ra2 Ne4 30. Rb2 Qa5 31. Ne5 Qxa4 32. Qxa4 Rc7 33. b6 axb6 34. Rxb6 1-0

[Event "FICGS rapid D 000078 email"]
[Site "FICGS email"]
[Date "2013.06.09"]
[Round "1"]
[White "Strohmeier, Josef"]
[Black "Brulland, Emmanuel"]
[Result "1-0"]
[WhiteElo "1461"]
[BlackElo "1362"]
[PlyCount "93"]
[EventDate "2013.??.??"]
[EventType "tourn (rapid)"]
[EventRounds "5"]
[SourceTitle "Corr 2022"]
[Source "ChessBase"]
[SourceDate "2021.10.24"]
[SourceVersion "1"]
[SourceVersionDate "2021.10.24"]
[SourceQuality "1"]

1. e4 c6 2. d4 d5 3. Nc3 e6 4. Nf3 Nd7 5. Be2 dxe4 6. Nxe4 Ngf6 7. Nxf6+ Nxf6 8. 0-0 Be7 9. c3 0-0 10. Bd3 Re8 11. Re1 h6 12. h3 c5 13. Qc2 cxd4 14. Nxd4 a6 15. Bf4 Bd6 16. Be5 Bxe5 17. Rxe5 Qd6 18. Rae1 Bd7 19. R5e2 Rac8 20. Nf3 Bc6 21. Nd4 Red8 22. Rd2 Qe7 23. f4 Qc7 24. Rf1 Rd7 25. g3 Bd5 26. a3 Bc4 27. Bxc4 Qxc4 28. Nf3 Rxd2 29. Qxd2 Kf8 30. Kg2 Ke7 31. Rd1 Qc6 32. Qd3 Nd5 33. Kh2 b5 34. Ne5 Qc5 35. Rd2 a5 36. Re2 Rc7 37. f5 Rc8 38. fxe6 fxe6 39. Qg6 Kd6 40. Nf7+ Kc7 41. Qxe6 Nb6 42. h4 Nd7 43. Rd2 Qc6 44. Rd6 Qf3 45. Rxd7+ Kb8 46. Qb6+ Ka8 47. Qa7# 1-0

[Event "FICGS rapid D 000077 email"]
[Site "FICGS email"]
[Date "2013.05.12"]
[Round "1"]
[White "Brulland, Emmanuel"]
[Black "Budnar, Milos"]
[Result "0-1"]
[WhiteElo "1362"]
[BlackElo "1340"]
[PlyCount "100"]
[EventDate "2013.??.??"]
[EventType "tourn (rapid)"]
[EventRounds "5"]
[SourceTitle "Corr 2022"]
[Source "ChessBase"]
[SourceDate "2021.10.24"]
[SourceVersion "1"]
[SourceVersionDate "2021.10.24"]
[SourceQuality "1"]

1. b3 e5 2. Bb2 Nc6 3. g3 d5 4. e3 Nf6 5. Bg2 Bc5 6. Ne2 0-0 7. d3 Bg4 8. h3 Bxe2 9. Qxe2 Re8 10. Nd2 e4 11. d4 Bb4 12. a3 Bxd2+ 13. Qxd2 a5 14. 0-0 b6 15. c3 a4 16. b4 b5 17. Qe2 h6 18. Rac1 Ne7 19. Qxb5 c6 20. Qe2 Ng6 21. Kh2 Qc7 22. Kg1 Qd7 23. c4 Rab8 24. cxd5 cxd5 25. Rc5 Rec8 26. Rfc1 Rxc5 27. Rxc5 Ne7 28. Qc2 Rc8 29. Rxc8+ Nxc8 30. Kf1 Nb6 31. Ke1 Nc4 32. Bc1 Qb5 33. Bf1 Nh7 34. h4 h5 35. Bxc4 Qxc4 36. Qxc4 dxc4 37. Kd2 Nf6 38. Ke2 Nd5 39. Kd2 c3+ 40. Kc2 f5 41. Kd1 g6 42. Kc2 Kf7 43. b5 Ke7 44. b6 Kd7 45. b7 Kc7 46. b8Q+ Kxb8 47. Kd1 Kb7 48. Kc2 Kb6 49. Kd1 Kb5 50. Kc2 Kc4 0-1

[Event "FICGS rapid D 000076 email"]
[Site "FICGS email"]
[Date "2013.04.04"]
[Round "1"]
[White "Krakovsky, Peter"]
[Black "Brulland, Emmanuel"]
[Result "1-0"]
[WhiteElo "1432"]
[BlackElo "1373"]
[PlyCount "41"]
[EventDate "2013.??.??"]
[EventType "tourn (rapid)"]
[EventRounds "5"]
[SourceTitle "Corr 2022"]
[Source "ChessBase"]
[SourceDate "2021.10.24"]
[SourceVersion "1"]
[SourceVersionDate "2021.10.24"]
[SourceQuality "1"]

1. c4 c5 2. Nf3 g6 3. e4 Bg7 4. d4 cxd4 5. Nxd4 Nc6 6. Be3 d6 7. Nc3 Nf6 8. Be2 0-0 9. 0-0 a6 10. Qd2 Nxd4 11. Bxd4 Be6 12. f4 Bg4 13. Bxf6 Bxe2 14. Bxg7 Bxf1 15. Bxf8 Bxc4 16. Bh6 f6 17. Nd5 e6 18. Ne3 Bb5 19. Rd1 e5 20. Qd5+ Kh8 21. Qf7 1-0

[Event "FICGS rapid D 000075 email"]
[Site "FICGS email"]
[Date "2013.02.10"]
[Round "1"]
[White "Brulland, Emmanuel"]
[Black "Leurette, Marc Antoine"]
[Result "1-0"]
[WhiteElo "1405"]
[BlackElo "1305"]
[PlyCount "135"]
[EventDate "2013.??.??"]
[EventType "tourn (rapid)"]
[EventRounds "5"]
[SourceTitle "Corr 2022"]
[Source "ChessBase"]
[SourceDate "2021.10.24"]
[SourceVersion "1"]
[SourceVersionDate "2021.10.24"]
[SourceQuality "1"]

1. b3 e5 2. Bb2 Nc6 3. g3 d5 4. e3 Nf6 5. Bg2 Bd6 6. Ne2 Be6 7. 0-0 Qd7 8. d3 0-0-0 9. Nd2 h6 10. e4 Bh3 11. exd5 Bxg2 12. Kxg2 Nxd5 13. Ne4 f5 14. Nxd6+ Qxd6 15. Nc3 Nxc3 16. Bxc3 Rhg8 17. Re1 g5 18. h3 g4 19. h4 f4 20. Re4 h5 21. Qe1 f3+ 22. Kf1 Rge8 23. Qe3 Re6 24. a3 Rde8 25. b4 Nd4 26. Bxd4 exd4 27. Qxd4 Rxe4 28. Qxd6 cxd6 29. dxe4 Rxe4 30. Re1 Rxe1+ 31. Kxe1 b5 32. Kd2 Kc7 33. Kd3 d5 34. c3 Kd6 35. Ke3 Ke5 36. Kd3 a6 37. Ke3 Kd6 38. Kd4 Kc6 39. Ke5 Kb6 40. Kxd5 a5 41. c4 axb4 42. axb4 bxc4 43. Kxc4 Kc6 44. b5+ Kb6 45. Kb4 Kc7 46. Kc5 Kb7 47. b6 Kb8 48. Kc6 Kc8 49. Kd6 Kb7 50. Ke6 Kxb6 51. Kf5 Kc5 52. Kg5 Kd4 53. Kxh5 Kd3 54. Kxg4 Ke2 55. h5 Kxf2 56. h6 Kg2 57. h7 f2 58. h8Q f1Q 59. Qh3+ Kf2 60. Qxf1+ Kxf1 61. Kf3 Kg1 62. g4 Kh2 63. g5 Kh3 64. g6 Kh4 65. g7 Kh5 66. g8Q Kh6 67. Kf4 Kh5 68. Qg5# 1-0

[Event "FICGS rapid D 000075 email"]
[Site "FICGS email"]
[Date "2013.02.10"]
[Round "1"]
[White "Joubert, Hennie"]
[Black "Brulland, Emmanuel"]
[Result "1-0"]
[WhiteElo "1454"]
[BlackElo "1405"]
[PlyCount "71"]
[EventDate "2013.??.??"]
[EventType "tourn (rapid)"]
[EventRounds "5"]
[SourceTitle "Corr 2022"]
[Source "ChessBase"]
[SourceDate "2021.10.24"]
[SourceVersion "1"]
[SourceVersionDate "2021.10.24"]
[SourceQuality "1"]

1. e4 c6 2. e5 d5 3. exd6 exd6 4. Nf3 Nf6 5. d4 Bg4 6. Bd3 Be7 7. 0-0 0-0 8. Bf4 Nd5 9. Bg3 h6 10. c3 Nd7 11. Nbd2 N7f6 12. h3 Bxf3 13. Nxf3 Re8 14. Qb3 Qd7 15. Rfe1 Bf8 16. c4 Nb6 17. Rxe8 Rxe8 18. d5 cxd5 19. cxd5 Nbxd5 20. Bb5 Qc8 21. Bxe8 Qxe8 22. Qxb7 a5 23. Re1 Qd7 24. Qxd7 Nxd7 25. Re8 N7f6 26. Ra8 g6 27. Bxd6 Nd7 28. Bxf8 Nxf8 29. Rxa5 Nb4 30. a3 Nc6 31. Ra8 Kg7 32. b4 Nd7 33. b5 Ncb8 34. a4 Kf6 35. a5 Ke6 36. a6 1-0

[Event "FICGS rapid D 000074 email"]
[Site "FICGS email"]
[Date "2012.12.25"]
[Round "1"]
[White "Brulland, Emmanuel"]
[Black "Cabrera Trujillo, Claudio Tomas"]
[Result "0-1"]
[WhiteElo "1354"]
[BlackElo "1462"]
[PlyCount "58"]
[EventDate "2012.??.??"]
[EventType "tourn (rapid)"]
[EventRounds "5"]
[SourceTitle "Corr 2022"]
[Source "ChessBase"]
[SourceDate "2021.10.24"]
[SourceVersion "1"]
[SourceVersionDate "2021.10.24"]
[SourceQuality "1"]

1. b3 e5 2. Bb2 Nc6 3. g3 g6 4. Bg2 Bg7 5. e3 Nge7 6. Ne2 d6 7. d3 0-0 8. Nd2 Be6 9. 0-0 Qd7 10. a3 f5 11. h3 Rf7 12. Rb1 f4 13. exf4 Bxh3 14. Ne4 Bxg2 15. Kxg2 Raf8 16. Ng5 Rf5 17. Nh3 Nd8 18. Qd2 Ne6 19. d4 exf4 20. Nhxf4 Nxf4+ 21. Nxf4 Bh6 22. Qb4 Bxf4 23. gxf4 Rxf4 24. f3 Qf5 25. Qc3 Qg5+ 26. Kf2 Qh4+ 27. Kg2 Nf5 28. Rg1 Qg3+ 29. Kh1 Rh4# 0-1

[Event "FICGS rapid D 000072 email"]
[Site "FICGS email"]
[Date "2012.11.06"]
[Round "1"]
[White "Brulland, Emmanuel"]
[Black "Argibay, Jorge"]
[Result "1-0"]
[WhiteElo "1354"]
[BlackElo "1485"]
[PlyCount "25"]
[EventDate "2012.??.??"]
[EventType "tourn (rapid)"]
[EventRounds "5"]
[SourceTitle "Corr 2022"]
[Source "ChessBase"]
[SourceDate "2021.10.24"]
[SourceVersion "1"]
[SourceVersionDate "2021.10.24"]
[SourceQuality "1"]

1. b3 d5 2. e3 Nf6 3. Bb2 Nc6 4. d3 e5 5. Nd2 Bd6 6. Ne2 0-0 7. g3 Bg4 8. h3 Be6 9. Bg2 Qd7 10. Nf3 Bb4+ 11. c3 Bd6 12. Ng5 Bf5 13. e4 1-0

[Event "FICGS rapid D 000071 email"]
[Site "FICGS email"]
[Date "2012.10.02"]
[Round "1"]
[White "Hancock, Sarah"]
[Black "Brulland, Emmanuel"]
[Result "1-0"]
[WhiteElo "1400"]
[BlackElo "1411"]
[PlyCount "65"]
[EventDate "2012.??.??"]
[EventType "tourn (rapid)"]
[EventRounds "5"]
[SourceTitle "Corr 2022"]
[Source "ChessBase"]
[SourceDate "2021.10.24"]
[SourceVersion "1"]
[SourceVersionDate "2021.10.24"]
[SourceQuality "1"]

1. d4 d5 2. Nf3 Nf6 3. Nc3 e6 4. Bg5 Be7 5. e3 Nbd7 6. Be2 0-0 7. h3 h6 8. Bf4 Re8 9. Nb5 Bd6 10. Bxd6 cxd6 11. Nxd6 Rf8 12. c4 dxc4 13. Nxc4 Nb6 14. Nce5 Nbd7 15. 0-0 Nxe5 16. Nxe5 Nd7 17. Nd3 Nf6 18. Bf3 a6 19. Qb3 Qd7 20. Rfc1 Rb8 21. Rc6 Nd5 22. Rxa6 bxa6 23. Qxb8 Bb7 24. Nc5 Qc6 25. Qxb7 Qxb7 26. Nxb7 Rb8 27. Nc5 a5 28. Bxd5 exd5 29. Nd3 g6 30. Rc1 Kg7 31. Rc5 a4 32. Rxd5 Ra8 33. Rd7 1-0

[Event "FICGS rapid D 000069 email"]
[Site "FICGS email"]
[Date "2012.06.03"]
[Round "1"]
[White "Brulland, Emmanuel"]
[Black "Leurette, Marc Antoine"]
[Result "1-0"]
[WhiteElo "1436"]
[BlackElo "1330"]
[PlyCount "133"]
[EventDate "2012.??.??"]
[EventType "tourn (rapid)"]
[EventRounds "5"]
[SourceTitle "Corr 2022"]
[Source "ChessBase"]
[SourceDate "2021.10.24"]
[SourceVersion "1"]
[SourceVersionDate "2021.10.24"]
[SourceQuality "1"]

1. c4 e5 2. Nc3 Nf6 3. a3 d5 4. e3 d4 5. Nb1 c5 6. d3 Nc6 7. e4 Be7 8. Nf3 0-0 9. Be2 a6 10. 0-0 b5 11. b3 bxc4 12. bxc4 a5 13. Nbd2 a4 14. Rb1 Bd7 15. Qc2 Bd6 16. Rd1 Ne7 17. Nf1 Ng6 18. h3 Nf4 19. Ng3 Nxe2+ 20. Qxe2 Rb8 21. Bd2 Rxb1 22. Rxb1 g6 23. Bh6 Re8 24. h4 Bg4 25. Nf1 Bf8 26. Bxf8 Kxf8 27. N1h2 Bh5 28. Qd1 Bxf3 29. Nxf3 Nh5 30. Rb7 Nf4 31. Ra7 Qb6 32. Rxa4 Qb2 33. Ra5 Rc8 34. Nxe5 Qb7 35. Rb5 Qe7 36. Nf3 Ra8 37. a4 h6 38. g3 Ne6 39. Kg2 Nc7 40. Rb7 Qd6 41. Qb3 Kg7 42. Nd2 Qc6 43. Nb1 f5 44. f3 fxe4 45. fxe4 h5 46. Na3 Kh6 47. Qb6 Qxb6 48. Rxb6 Rxa4 49. Rb3 g5 50. Nb5 Ne6 51. Nd6 gxh4 52. gxh4 Ra2+ 53. Kg3 Ra7 54. Nb7 Kg6 55. Kf3 Kf6 56. Rb6 Ke7 57. Rb5 Ra3 58. Nxc5 Nxc5 59. Rxc5 Rxd3+ 60. Kf2 Rc3 61. Rxh5 Rxc4 62. Rd5 Kf7 63. Ke2 Kg6 64. Kd3 Ra4 65. Rxd4 Rxd4+ 66. Kxd4 Kf6 67. Kd5 1-0

[Event "FICGS rapid D 000069 email"]
[Site "FICGS email"]
[Date "2012.06.03"]
[Round "1"]
[White "Fienchetto, Andy"]
[Black "Brulland, Emmanuel"]
[Result "0-1"]
[WhiteElo "1329"]
[BlackElo "1436"]
[PlyCount "22"]
[EventDate "2012.??.??"]
[EventType "tourn (rapid)"]
[EventRounds "5"]
[SourceTitle "Corr 2022"]
[Source "ChessBase"]
[SourceDate "2021.10.24"]
[SourceVersion "1"]
[SourceVersionDate "2021.10.24"]
[SourceQuality "1"]

1. c4 c5 2. g3 Nf6 3. Bg2 g6 4. Nc3 Bg7 5. Nf3 0-0 6. 0-0 d6 7. d3 Nc6 8. e3 e5 9. a3 Re8 10. Nd2 Bf5 11. Nde4 Nxe4 0-1